| 000 | 00463nam a2200169 i 4500 | ||
|---|---|---|---|
| 001 | 99408 | ||
| 003 | ES-MaACL | ||
| 005 | 20250823063055.0 | ||
| 007 | t| | ||
| 008 | 050908s1962 sp ||||1| spa d | ||
| 100 | 0 |
_aMartín-Santos, Luis, _d1924-1964 _977653 |
|
| 245 | 1 | 0 |
_aTiempo de silencio / _cLuis Martín-Santos. |
| 260 |
_aMadrid : _bSeix Barral, _c1962. |
||
| 300 |
_a222 p. ; _c19 cm. |
||
| 852 |
_aES-MaACL _jC-21420 |
||
| 999 |
_c99408 _d99408 |
||